Wheldon's Business Statistics and Statistical Method (Record no. 1061)

MARC details
005 - DATE AND TIME OF LATEST TRANSACTION
control field 20250403101138.0
020 ## - INTERNATIONAL STANDARD BOOK NUMBER
International Standard Book Number 0 7121 2325 3
082 ## - DEWEY DECIMAL CLASSIFICATION NUMBER
Classification number 519. 024 THI
100 ## - MAIN ENTRY--PERSONAL NAME
Author name THIRKETTLE, G. L.
245 ## - TITLE STATEMENT
Title Wheldon's Business Statistics and Statistical Method
250 ## - EDITION STATEMENT
Edition statement 9th Ed.
260 ## - PUBLICATION, DISTRIBUTION, ETC.
Place of publication, distribution, etc. London,
Name of publisher, distributor, etc. MacDonald,
Date of publication, distribution, etc. 1981.
300 ## - PHYSICAL DESCRIPTION
Extent ix, 278p.: ill.; figure, graph, map, table.
Other physical details Index.
Dimensions 22cm.
942 ## - ADDED ENTRY ELEMENTS (KOHA)
Source of classification or shelving scheme Dewey Decimal Classification
Koha item type Books
Holdings
Date last seen Total checkouts Full call number Barcode Cost, replacement price Price effective from Koha item type Lost status Source of classification or shelving scheme Damaged status Not for loan Withdrawn status Home library Current library Shelving location Date acquired Cost, normal purchase price
04/03/2025   519. 024 THI 0000004123 30000.00 04/03/2025 Books   Dewey Decimal Classification       College of Business Education Main Library College of Business Education Main Library General Collection 04/03/2025 10000.00
04/03/2025   519. 024 THI 0000004124 30000.00 04/03/2025 Books   Dewey Decimal Classification       College of Business Education Main Library College of Business Education Main Library General Collection 04/03/2025 10000.00